|
|
|
|
| LEADER |
00838aam a22002778a 4500 |
| 001 |
00037920 |
| 008 |
170514s2015 ||||||Viesd |
| 005 |
20171026081025.0 |
| 041 |
0 |
# |
|a Vie
|
| 082 |
1 |
4 |
|a 571.9
|b Đ451H
|
| 100 |
1 |
# |
|a Lê, Huy Bá
|e Chủ biên
|
| 245 |
1 |
0 |
|a Độc học môi trường
|c Lê Huy Bá; Thái Văn Nam
|b Phần chuyên đề
|
| 260 |
# |
# |
|c 2015
|a Hà Nội
|b Đại học quốc gia
|
| 300 |
# |
# |
|a 921tr.
|c 24cm.
|
| 653 |
# |
# |
|a môi trường
|
| 653 |
# |
# |
|a Độc học
|
| 700 |
1 |
# |
|a Thái, Văn Nam
|
| 852 |
# |
# |
|b Kho mượn
|j KM.0022953
|
| 852 |
# |
# |
|b Kho đọc
|j KD.0022145
|
| 852 |
# |
# |
|j KD.0022145
|j KM.0022953
|
| 910 |
|
|
|d 14/05/2017
|
| 980 |
# |
# |
|a Trung tâm Học liệu Lê Vũ Hùng, Trường Đại học Đồng Tháp
|